书目信息 |
| 题名: |
韦伯
|
|
| 作者: | 王威海 编著 | |
| 分册: | ||
| 出版信息: | 沈阳 辽海出版社 1999.4 |
|
| 页数: | 289页 | |
| 开本: | 20cm | |
| 丛书名: | 现代十大思想家自述丛书 | |
| 单 册: | ||
| 中图分类: | B516.59 | |
| 科图分类: | ||
| 主题词: | 韦伯--评传 | |
| 电子资源: | ||
| ISBN: | 7-80638-968-7 | |
| 000 | 01019oam2 2200265 45 | |
| 001 | 0199062026 | |
| 005 | 20061220090806.32 | |
| 010 | @a7-80638-968-7@dCNY38.00 | |
| 100 | @a20060529d1999 em y0chiy0121 ea | |
| 101 | 0 | @achi |
| 102 | @aCN@b210000 | |
| 105 | @ay z 000yd | |
| 200 | 1 | @a韦伯@AWei Bo@e摆脱现代社会两难困境@EBai Tuo Xian Dai She Hui Liang Nan Kun Jing@f王威海编著@FWang Wei Hai Bian Zhu |
| 210 | @a沈阳@c辽海出版社@d1999.4@h2006重印 | |
| 215 | @a289页@d20cm | |
| 225 | 2 | @a现代十大思想家自述丛书@f高清海,李家巍主编 |
| 330 | @a本书介绍了我的家庭、我身处的时代、古代西方文明、西方古代文明和近代文明、在资本主义的发展道路上等内容。 | |
| 410 | 0 | @12001 @a现代十大思想家自述丛书 |
| 510 | 1 | @aMax Webb@eExtricating from the predicament of modern society@zeng |
| 517 | 1 | @a摆脱现代社会两难困境@ABai Tuo Xian Dai She Hui Liang Nan Kun Jing |
| 606 | @a韦伯@y评传 | |
| 690 | @aB516.59@v4 | |
| 701 | 0 | @a王威海@AWang Wei Hai@4编著 |
| 801 | 0 | @aCN@b中图数据@c20061220 |
| 905 | @a10447@dB516.59@e112 | |
| 韦伯:摆脱现代社会两难困境/王威海编著.-沈阳:辽海出版社,1999.4(2006重印) |
| 289页;20cm.-(现代十大思想家自述丛书/高清海,李家巍主编) |
| ISBN 7-80638-968-7:CNY38.00 |
| 本书介绍了我的家庭、我身处的时代、古代西方文明、西方古代文明和近代文明、在资本主义的发展道路上等内容。 |
| ● |
| 相关链接 |
|
|
|
|
正题名:韦伯
索取号:B516.59/112
 
预约/预借
| 序号 | 登录号 | 条形码 | 馆藏地/架位号 | 状态 | 备注 |
| 1 | 0620014 | 206200145 | 第一样本阅览室/ [索取号:B516.59/112] | 在馆 | |
| 2 | 0620015 | 206200154 | 第一借阅区/ [索取号:B516.59/112] | 在馆 | |
| 3 | 0620016 | 206200163 | 第一借阅区/ [索取号:B516.59/112] | 在馆 | |
| 4 | 0620017 | 206200172 | 第一借阅区/ [索取号:B516.59/112] | 在馆 | |
| 5 | 0620018 | 206200181 | 第一借阅区/ [索取号:B516.59/112] | 在馆 | |
| 6 | 0620019 | 206200190 | 第一借阅区/ [索取号:B516.59/112] | 在馆 |